Movie Pictograms II Quiz Stats

Quiz Updated Sep 24, 2015

Also try: Movie Pictograms
Challenge
Share
Tweet
Score 0/18 Timer 06:00
7 Plays Today
% Correct
Red Dragon
98.6%
The Hurt Locker
94.3%
The Deer Hunter
92.6%
Vanilla Sky
89.9%
Dr. No
88.6%
Groundhog Day
87.3%
Ant-Man
87.2%
Chicken Run
83.9%
Taxi Driver
82.2%
% Correct
Magic Mike
81.8%
Fight Club
78.4%
Face/Off
75.3%
Chasing Amy
73.6%
Captain America
70.1%
Reservoir Dogs
63.3%
The Blues Brothers
61.8%
Pan's Labyrinth
61.4%
The Hunger Games
53.2%

You're not logged in!

Compare scores with friends on all Sporcle quizzes.
Join for Free
OR
Log In

You Might Also Like...

Show Comments

Extras

Top Quizzes Today


Score Distribution

Your Account Isn't Verified!

In order to create a playlist on Sporcle, you need to verify the email address you used during registration. Go to your Sporcle Settings to finish the process.

Report this User

Report this user for behavior that violates our Community Guidelines.

Details: